[Event "IECG WC.2007.S.00003 email"]
[Site "IECG email"]
[Date "2007.12.15"]
[Round "?"]
[White "Korchut, Adam"]
[Black "Vilyavin, Roman"]
[Result "0-1"]
[WhiteElo "2157"]
[BlackElo "2170"]
[PlyCount "44"]
[EventDate "2007.12.15"]
[EventType "tourn (corr)"]
[EventRounds "6"]
[SourceTitle "Corr 2024"]
[Source "ChessBase"]
[SourceDate "2023.10.19"]
[SourceVersion "1"]
[SourceVersionDate "2023.10.19"]
[SourceQuality "1"]

1. e4 c5 2. Nf3 Nc6 3. d4 cxd4 4. Nxd4 Nf6 5. Nc3 e5 6. Ndb5 d6 7. Bg5 a6 8. Na3 b5 9. Nd5 Be7 10. Nxe7 Nxe7 11. Bxf6 gxf6 12. Qf3 f5 13. 0-0-0 Bb7 14. Bd3 fxe4 15. Bxe4 d5 16. c3 Qb6 17. Bc2 Rc8 18. Kb1 e4 19. Qf4 Rg8 20. g3 Rg6 21. Bb3 Rf6 22. Qxe4 dxe4 0-1

[Event "IECG CP.2002.F.00001 email"]
[Site "IECG email"]
[Date "2006.07.01"]
[Round "?"]
[White "Vilyavin, Roman"]
[Black "Walsh, Hector"]
[Result "0-1"]
[WhiteElo "2144"]
[BlackElo "2508"]
[PlyCount "86"]
[EventDate "2006.07.01"]
[EventType "tourn (corr)"]
[EventRounds "6"]
[SourceTitle "Corr 2011"]
[Source "ChessBase"]
[SourceDate "2010.08.31"]
[SourceVersion "1"]
[SourceVersionDate "2010.08.31"]
[SourceQuality "1"]

1. e4 c5 2. Nf3 d6 3. Bb5+ Bd7 4. Bxd7+ Qxd7 5. 0-0 Nc6 6. c4 Nf6 7. Nc3 g6 8. d4 cxd4 9. Nxd4 Bg7 10. Nc2 0-0 11. Rb1 a6 12. Qe2 Rac8 13. b3 e6 14. Rd1 Rfd8 15. Bg5 Qc7 16. f4 b5 17. cxb5 Ne7 18. Rd3 h6 19. Bh4 axb5 20. Rbd1 b4 21. e5 dxe5 22. Nb5 Qb6+ 23. Bf2 Qb8 24. Rxd8+ Rxd8 25. Rxd8+ Qxd8 26. fxe5 Nfd5 27. Ncd4 Qa5 28. Be1 Nc3 29. Bxc3 bxc3 30. a4 Qb6 31. Kf1 Qc5 32. Nc2 Qd5 33. b4 Bxe5 34. a5 Bxh2 35. Nxc3 Qb3 36. Qd2 Be5 37. Nd1 Nd5 38. Nde3 Bc3 39. Qd3 Nxe3+ 40. Nxe3 Qxb4 41. a6 Qf4+ 42. Ke2 Bd4 43. g3 Qe5 0-1

[Event "IECG WC.2010.P.00015 email"]
[Site "IECG email"]
[Date "2006.06.05"]
[Round "?"]
[White "Vilyavin, Roman"]
[Black "Rossetti, Mario"]
[Result "1-0"]
[WhiteElo "2144"]
[BlackElo "1504"]
[PlyCount "57"]
[EventDate "2006.06.05"]
[EventType "tourn (corr)"]
[EventRounds "6"]
[SourceTitle "Corr 2011"]
[Source "ChessBase"]
[SourceDate "2010.08.31"]
[SourceVersion "1"]
[SourceVersionDate "2010.08.31"]
[SourceQuality "1"]

1. e4 e5 2. Nf3 Nc6 3. Bb5 a6 4. Ba4 Nf6 5. 0-0 Be7 6. Re1 b5 7. Bb3 0-0 8. a4 b4 9. d3 d6 10. a5 Rb8 11. Nbd2 Na7 12. d4 exd4 13. Nxd4 c5 14. Nf5 Bxf5 15. exf5 d5 16. Nf3 Rb7 17. Ba4 Nb5 18. Bxb5 Rxb5 19. Bg5 Qc7 20. Ne5 h6 21. Bh4 Bd8 22. Qd2 Re8 23. Bxf6 Bxf6 24. Ng4 Rxe1+ 25. Rxe1 Bxb2 26. Re8+ Kh7 27. f6 Rxa5 28. Qd3+ g6 29. g3 1-0

[Event "IECG CP.2002.S.00006 email"]
[Site "IECG email"]
[Date "2005.04.01"]
[Round "?"]
[White "Vilyavin, Roman"]
[Black "Kachkin, Konstantin"]
[Result "1-0"]
[WhiteElo "2091"]
[BlackElo "2175"]
[PlyCount "87"]
[EventDate "2005.04.01"]
[EventType "tourn (corr)"]
[EventRounds "6"]
[EventCountry "RUS"]
[SourceTitle "Corr 2008"]
[Source "ChessBase"]
[SourceDate "2008.06.24"]
[SourceVersion "1"]
[SourceVersionDate "2008.06.24"]
[SourceQuality "1"]

1. e4 e6 2. d4 d5 3. Nc3 Bb4 4. e5 c5 5. a3 Bxc3+ 6. bxc3 Ne7 7. Qg4 Qc7 8. Qxg7 Rg8 9. Qxh7 cxd4 10. Ne2 Nbc6 11. f4 Bd7 12. Qd3 dxc3 13. Rb1 0-0-0 14. Nxc3 Na5 15. Be3 Kb8 16. Nb5 Bxb5 17. Rxb5 Nc4 18. Bf2 Nf5 19. Qf3 Rc8 20. Bd3 Nxa3 21. Rc5 Nh4 22. Qe2 Qe7 23. Rxc8+ Rxc8 24. 0-0 b6 25. Qg4 Nf5 26. Rc1 Nh6 27. Qh3 Qf8 28. Ba6 Rxc2 29. Ra1 Nb5 30. Bxb5 Rxf2 31. Kxf2 Qc5+ 32. Ke1 Qb4+ 33. Kf1 Qxb5+ 34. Kg1 Qc4 35. Qa3 Qc5+ 36. Qxc5 bxc5 37. Kf2 Kb7 38. h4 Kb6 39. h5 c4 40. Rg1 Ng4+ 41. Kf3 Nh6 42. g4 Kc5 43. g5 Nf5 44. Kf2 1-0

[Event "IECG CA.2004.0.00131 email"]
[Site "IECG email"]
[Date "2004.08.03"]
[Round "?"]
[White "Hinterberger, Werner"]
[Black "Vilyavin, Roman"]
[Result "1-0"]
[WhiteElo "2100"]
[BlackElo "2120"]
[PlyCount "69"]
[EventDate "2004.08.30"]
[EventType "tourn (corr)"]
[EventRounds "6"]
[SourceTitle "Corr 2008"]
[Source "ChessBase"]
[SourceDate "2008.06.24"]
[SourceVersion "1"]
[SourceVersionDate "2008.06.24"]
[SourceQuality "1"]

1. d4 d5 2. c4 dxc4 3. e4 e5 4. Nf3 exd4 5. Bxc4 Nc6 6. 0-0 Be6 7. Bxe6 fxe6 8. Qb3 Qd7 9. Qxb7 Rb8 10. Qa6 Nf6 11. Nbd2 Bb4 12. Qd3 Bxd2 13. Bxd2 Rxb2 14. Bc1 Rb6 15. Ba3 Nb4 16. Qc4 Qa4 17. Bxb4 Qxb4 18. Qxc7 0-0 19. Rad1 Nxe4 20. Rxd4 Qc5 21. Qxc5 Nxc5 22. Ne5 Rb2 23. Rc4 Nb7 24. Rc7 a5 25. a3 h5 26. Ng6 Rf6 27. Rc8+ Kh7 28. Nf8+ Kh6 29. Nd7 Rf5 30. Rh8+ Kg5 31. Ne5 Rb3 32. g3 Rxa3 33. f4+ Kf6 34. Rf8+ Ke7 35. Rc8 1-0

[Event "IECG CA.2004.0.00131 email"]
[Site "IECG email"]
[Date "2004.08.03"]
[Round "?"]
[White "Kuhn, Christian Helmut"]
[Black "Vilyavin, Roman"]
[Result "1/2-1/2"]
[WhiteElo "1862"]
[BlackElo "2120"]
[PlyCount "91"]
[EventDate "2004.08.30"]
[EventType "tourn (corr)"]
[EventRounds "6"]
[SourceTitle "Corr 2008"]
[Source "ChessBase"]
[SourceDate "2008.06.24"]
[SourceVersion "1"]
[SourceVersionDate "2008.06.24"]
[SourceQuality "1"]

1. c4 e5 2. g3 Nf6 3. Bg2 Nc6 4. Nc3 Bb4 5. Nd5 Bc5 6. e3 0-0 7. Ne2 a6 8. 0-0 d6 9. a3 Nxd5 10. cxd5 Ne7 11. b4 Bb6 12. Bb2 Bg4 13. h3 Bd7 14. Kh2 f5 15. d4 e4 16. Nf4 Bb5 17. Rg1 Bc4 18. Ne6 Qd7 19. Nxf8 Rxf8 20. Qc2 Bxd5 21. a4 c6 22. Rgc1 Bd8 23. Bf1 b5 24. axb5 axb5 25. Ra6 Qb7 26. Rca1 g5 27. Ra7 Qc8 28. Be2 Qe6 29. Rb7 f4 30. Bg4 Qf6 31. Rd7 Nc8 32. Rb7 Nb6 33. Bc3 Na4 34. gxf4 gxf4 35. Rg1 Kh8 36. Bd2 fxe3 37. fxe3 Nb6 38. Bc1 Qh4 39. Rg3 Qh6 40. Qg2 Na4 41. Be2 Nc3 42. Rgg7 Nxe2 43. Qxe2 Qxg7 44. Rxg7 Kxg7 45. Qg4+ Kh6 46. Qd7 1/2-1/2

[Event "IECG CA.2004.0.00131 email"]
[Site "IECG email"]
[Date "2004.08.03"]
[Round "?"]
[White "Vilyavin, Roman"]
[Black "Kirpikov, Alexander Leonidovi"]
[Result "1-0"]
[WhiteElo "2120"]
[BlackElo "2057"]
[PlyCount "56"]
[EventDate "2004.08.30"]
[EventType "tourn (corr)"]
[EventRounds "6"]
[SourceTitle "Corr 2008"]
[Source "ChessBase"]
[SourceDate "2008.06.24"]
[SourceVersion "1"]
[SourceVersionDate "2008.06.24"]
[SourceQuality "1"]

1. e4 c5 2. Nf3 Nc6 3. Bb5 e6 4. 0-0 Nge7 5. c3 a6 6. Ba4 b5 7. Bc2 d5 8. e5 d4 9. Qe2 Bb7 10. Be4 Nd5 11. d3 dxc3 12. Nxc3 Be7 13. Rd1 0-0 14. d4 cxd4 15. Nxd5 exd5 16. Bd3 Qd7 17. Qc2 g6 18. Bh6 Rfe8 19. Re1 Nb4 20. Qd2 Nxd3 21. Qxd3 Rac8 22. Rad1 Bb4 23. Re2 Bc5 24. h3 Qf5 25. Qxf5 gxf5 26. Bg5 a5 27. Bf6 Rc6 28. Red2 Rec8 1-0

[Event "IECG CA.2004.0.00131 email"]
[Site "IECG email"]
[Date "2004.08.03"]
[Round "?"]
[White "Vilyavin, Roman"]
[Black "Lannaioli, Alfonsino"]
[Result "1-0"]
[WhiteElo "2120"]
[BlackElo "2039"]
[PlyCount "111"]
[EventDate "2004.08.30"]
[EventType "tourn (corr)"]
[EventRounds "6"]
[SourceTitle "Corr 2008"]
[Source "ChessBase"]
[SourceDate "2008.06.24"]
[SourceVersion "1"]
[SourceVersionDate "2008.06.24"]
[SourceQuality "1"]

1. e4 e5 2. Nf3 Nf6 3. Nxe5 d6 4. Nf3 Nxe4 5. d4 d5 6. Bd3 Be7 7. 0-0 Nc6 8. c4 Nf6 9. h3 Nb4 10. Be2 dxc4 11. Bxc4 0-0 12. Nc3 c6 13. Re1 Nbd5 14. Bg5 Be6 15. Qb3 Rb8 16. Nxd5 Bxd5 17. Bxd5 Nxd5 18. Bxe7 Nxe7 19. Qa3 Nc8 20. Re5 Qf6 21. Rae1 Nd6 22. Qc5 Rfd8 23. a4 h6 24. b3 a6 25. Nh2 Qg6 26. Ng4 Re8 27. f4 f5 28. Nf2 Rbd8 29. R1e3 Qf7 30. Qc2 Qd7 31. Qe2 Qf7 32. Kh2 Kh8 33. Qe1 Kg8 34. Re7 Rxe7 35. Rxe7 Qxb3 36. Qe5 Nf7 37. Qxf5 Kf8 38. Qe4 Qd5 39. Rxb7 Qxe4 40. Nxe4 Rxd4 41. Nc5 Nd8 42. Ra7 Rc4 43. Nd7+ Ke8 44. a5 Rxf4 45. Nc5 Rf7 46. Ra8 Ke7 47. Nxa6 Ne6 48. Ra7+ Kf6 49. Rxf7+ Kxf7 50. Nb8 c5 51. a6 c4 52. a7 Nc7 53. Na6 Na8 54. Kg3 Ke6 55. Kf4 Kd5 56. Kf5 1-0

[Event "IECG CP.2002.Q.00011 email"]
[Site "IECG email"]
[Date "2003.10.01"]
[Round "?"]
[White "Vilyavin, Roman"]
[Black "Starace, Umberto"]
[Result "1-0"]
[WhiteElo "2061"]
[BlackElo "1847"]
[PlyCount "51"]
[EventDate "2003.10.01"]
[EventType "tourn (corr)"]
[EventRounds "10"]
[SourceTitle "Corr 2008"]
[Source "ChessBase"]
[SourceDate "2008.06.24"]
[SourceVersion "1"]
[SourceVersionDate "2008.06.24"]
[SourceQuality "1"]

1. f4 e5 2. e4 exf4 3. Nf3 g5 4. h4 g4 5. Ne5 Nf6 6. d4 d6 7. Nd3 Nxe4 8. Bxf4 Qe7 9. Be2 Nc6 10. c3 Bf5 11. d5 Nb8 12. 0-0 Qxh4 13. Nd2 g3 14. Nf3 Qe7 15. Nd4 Qh4 16. Bxg3 Nxg3 17. Nxf5 Qh1+ 18. Kf2 Nxf1 19. Qa4+ Kd8 20. Rxf1 Qh2 21. Qd4 Rg8 22. Qf6+ Kc8 23. Bf3 b6 24. Qxf7 Rg5 25. Nc5 bxc5 26. Qe8+ 1-0

[Event "IECG CA.2003.0.00083 email"]
[Site "IECG email"]
[Date "2003.02.04"]
[Round "?"]
[White "Turko, Sergey Ivanovich"]
[Black "Vilyavin, Roman"]
[Result "1-0"]
[WhiteElo "2053"]
[BlackElo "2148"]
[PlyCount "65"]
[EventDate "2003.02.04"]
[EventType "tourn (corr)"]
[EventRounds "6"]
[SourceTitle "Corr 2008"]
[Source "ChessBase"]
[SourceDate "2008.06.24"]
[SourceVersion "1"]
[SourceVersionDate "2008.06.24"]
[SourceQuality "1"]

1. e4 c5 2. Nf3 Nc6 3. Bb5 g6 4. 0-0 Bg7 5. Re1 e5 6. Bxc6 dxc6 7. d3 Qe7 8. Nbd2 Nh6 9. Nc4 f6 10. a4 0-0 11. b3 Be6 12. Qe2 b5 13. Nb2 b4 14. Nd2 Rae8 15. Ndc4 Nf7 16. Qf3 Bd7 17. Qg3 f5 18. exf5 gxf5 19. f4 e4 20. Be3 Nh6 21. h3 Be6 22. Rad1 Bd5 23. Qf2 Bd4 24. Bxd4 cxd4 25. Qxd4 Qg7 26. Qxg7+ Kxg7 27. Ne3 Kg6 28. Nbc4 Nf7 29. dxe4 Rxe4 30. Nxd5 cxd5 31. Rxe4 dxe4 32. Rd7 Ra8 33. g4 1-0

[Event "IECG CA.2003.0.00083 email"]
[Site "IECG email"]
[Date "2003.02.04"]
[Round "?"]
[White "Vilyavin, Roman"]
[Black "Taffijn, Aadrian"]
[Result "1-0"]
[WhiteElo "2148"]
[BlackElo "2072"]
[PlyCount "55"]
[EventDate "2003.02.04"]
[EventType "tourn (corr)"]
[EventRounds "6"]
[SourceTitle "Corr 2008"]
[Source "ChessBase"]
[SourceDate "2008.06.24"]
[SourceVersion "1"]
[SourceVersionDate "2008.06.24"]
[SourceQuality "1"]

1. e4 c5 2. c3 Nf6 3. e5 Nd5 4. Nf3 Nc6 5. Bc4 Nb6 6. Bb3 g6 7. d4 c4 8. Bc2 d6 9. Bf4 dxe5 10. Nxe5 Nxe5 11. Bxe5 f6 12. Bg3 Be6 13. 0-0 Qd7 14. Nd2 Bh6 15. Re1 0-0 16. Ne4 Qc6 17. Nd6 Bd5 18. Rxe7 f5 19. Be5 Bxg2 20. Rc7 Qxc7 21. Nxf5 Rxf5 22. Bxc7 Rg5 23. Bg3 Bc6 24. Qf1 Rf8 25. Qh3 Bg7 26. Be4 Bxe4 27. Qe6+ Rf7 28. Qxe4 1-0

[Event "IECG CP.2002.P.00104 email"]
[Site "IECG email"]
[Date "2002.10.01"]
[Round "?"]
[White "Vilyavin, Roman"]
[Black "Kuhn, Christian Helmut"]
[Result "1-0"]
[WhiteElo "2148"]
[BlackElo "1861"]
[PlyCount "33"]
[EventDate "2002.10.01"]
[EventType "tourn (corr)"]
[EventRounds "6"]
[EventCountry "FRA"]
[SourceTitle "Corr 2008"]
[Source "ChessBase"]
[SourceDate "2008.06.24"]
[SourceVersion "1"]
[SourceVersionDate "2008.06.24"]
[SourceQuality "1"]

1. e4 e6 2. d4 d5 3. Nc3 Bb4 4. e5 Ne7 5. a3 Bxc3+ 6. bxc3 c5 7. Qg4 0-0 8. Bd3 Qa5 9. Bd2 Nbc6 10. Nf3 f5 11. exf6 Rxf6 12. Qh5 h6 13. Qe8+ Rf8 14. Bh7+ Kxh7 15. Qxf8 Rb8 16. h4 Bd7 17. Ng5+ 1-0

[Event "IECG CA.2002.0.00040 email"]
[Site "IECG email"]
[Date "2002.03.15"]
[Round "?"]
[White "Vilyavin, Roman"]
[Black "Orsolic, Marijan"]
[Result "1/2-1/2"]
[WhiteElo "2148"]
[BlackElo "2035"]
[PlyCount "61"]
[EventDate "2002.05.15"]
[EventType "tourn (corr)"]
[EventRounds "6"]
[SourceTitle "Corr 2008"]
[Source "ChessBase"]
[SourceDate "2008.06.24"]
[SourceVersion "1"]
[SourceVersionDate "2008.06.24"]
[SourceQuality "1"]

1. e4 c5 2. c3 Nf6 3. e5 Nd5 4. d4 cxd4 5. cxd4 e6 6. Nf3 b6 7. Nc3 Nxc3 8. bxc3 Qc7 9. Bd2 Bb7 10. Bd3 d6 11. 0-0 Nd7 12. Re1 dxe5 13. Nxe5 Nxe5 14. Rxe5 Bd6 15. Rh5 g6 16. Rh3 0-0 17. Qg4 f5 18. Qe2 e5 19. Bh6 Rfc8 20. dxe5 Bxe5 21. Re1 Bxc3 22. Rc1 Qc6 23. Rg3 Qd5 24. Bxf5 Qxf5 25. Rgxc3 Rxc3 26. Rxc3 Qd5 27. f3 Qd4+ 28. Qe3 Qxe3+ 29. Bxe3 Re8 30. Kf2 Kf7 31. Ra3 1/2-1/2

[Event "IECG CA.2002.0.00040 email"]
[Site "IECG email"]
[Date "2002.03.15"]
[Round "?"]
[White "Vilyavin, Roman"]
[Black "Vaassen, Jack M"]
[Result "1/2-1/2"]
[WhiteElo "2148"]
[BlackElo "2195"]
[PlyCount "37"]
[EventDate "2002.05.15"]
[EventType "tourn (corr)"]
[EventRounds "6"]
[SourceTitle "Corr 2008"]
[Source "ChessBase"]
[SourceDate "2008.06.24"]
[SourceVersion "1"]
[SourceVersionDate "2008.06.24"]
[SourceQuality "1"]

1. e4 d6 2. d4 Nf6 3. Nc3 g6 4. Nf3 Bg7 5. h3 0-0 6. Be3 a6 7. a4 b6 8. Bc4 e6 9. 0-0 Bb7 10. d5 exd5 11. exd5 Re8 12. Re1 Nbd7 13. Bd4 Rxe1+ 14. Qxe1 Qf8 15. Qf1 Nc5 16. Rd1 Qe8 17. b3 Qd7 18. Ne1 h6 19. Nd3 1/2-1/2

[Event "IECC CL2-2002.07"]
[Site "IECC email"]
[Date "2002.03.04"]
[Round "?"]
[White "Vaassen, Jack M"]
[Black "Vilyavin, Roman"]
[Result "1-0"]
[WhiteElo "2120"]
[BlackElo "2157"]
[PlyCount "69"]
[EventDate "2002.??.??"]
[EventType "tourn (corr)"]
[EventRounds "4"]
[SourceTitle "Corr 2008"]
[Source "ChessBase"]
[SourceDate "2008.06.24"]
[SourceVersion "1"]
[SourceVersionDate "2008.06.24"]
[SourceQuality "1"]

1. b3 e5 2. Bb2 Nc6 3. e3 d6 4. c4 Nf6 5. Nc3 g6 6. Nf3 Bg7 7. Be2 0-0 8. d4 Nd7 9. 0-0 f5 10. dxe5 dxe5 11. e4 Nd4 12. exf5 gxf5 13. Nxd4 exd4 14. Na4 c5 15. b4 b6 16. Bf3 Rb8 17. Ba3 Qc7 18. Bd5+ Kh8 19. bxc5 bxc5 20. Re1 Bb7 21. Re7 Qd6 22. Rxd7 Qxd7 23. Nxc5 Qe7 24. Bxb7 Rxb7 25. Nxb7 Qxa3 26. c5 Rb8 27. Qe1 d3 28. Rd1 Qb2 29. c6 Qc2 30. Nd6 Bd4 31. h3 Bxf2+ 32. Qxf2 Qxd1+ 33. Kh2 Qa1 34. c7 Qe5+ 35. Qg3 1-0